| 000 | 00772cam a2200265 a 4500 | ||
|---|---|---|---|
| 999 |
_c6738 _d6738 |
||
| 001 | 2910236 | ||
| 003 | OSt | ||
| 005 | 20200311111902.0 | ||
| 008 | 880512s1989 nyuaf b 001 0 eng | ||
| 010 | _a 88016497 | ||
| 020 | _a071671812X | ||
| 040 |
_aDLC _cDLC _dOCoLC _dDLC |
||
| 082 | 0 | 0 |
_a530 _219 _bSIL 1989 |
| 100 | 1 |
_aSilk, Joseph, _d1942- _98147 |
|
| 245 | 1 | 4 |
_aThe big bang / _cJoseph Silk. |
| 250 | _aRev. and updated ed. | ||
| 260 |
_aNew York : _bW.H. Freeman, _c1989. |
||
| 300 |
_axiii, 485 p., [8] p. of plates : _bcol.ill ; _c23 cm. |
||
| 500 | _aIncludes index. | ||
| 504 | _aBibliography: p. 451-452. | ||
| 650 | 0 |
_aCosmology. _93606 |
|
| 650 | 0 |
_aBig bang theory. _98148 |
|
| 906 |
_a7 _bcbc _corignew _d1 _eocip _f19 _gy-gencatlg |
||
| 942 |
_2ddc _cO_SHELF |
||